<?xml version='1.0' encoding='UTF-8'?>
  <record xmlns="http://www.loc.gov/MARC21/slim">
    <leader>00000ctm a22000007i 4500</leader>
    <controlfield tag="001">on1500643091</controlfield>
    <controlfield tag="003">OCoLC</controlfield>
    <controlfield tag="005">20250227074843.9</controlfield>
    <controlfield tag="008">250221q19001930ne            000 0 san c</controlfield>
    <datafield tag="040" ind1=" " ind2=" ">
      <subfield code="a">QGJ</subfield>
      <subfield code="b">eng</subfield>
      <subfield code="e">rda</subfield>
      <subfield code="e">dcrmmss</subfield>
      <subfield code="c">QGJ</subfield>
      <subfield code="d">QGJ</subfield>
      <subfield code="d">OCLCO</subfield>
      <subfield code="d">QGJ</subfield>
    </datafield>
    <datafield tag="035" ind1=" " ind2=" ">
      <subfield code="a">(OCoLC)1500643091</subfield>
    </datafield>
    <datafield tag="130" ind1="0" ind2=" ">
      <subfield code="a">Anupadasūtra.</subfield>
    </datafield>
    <datafield tag="245" ind1="1" ind2="0">
      <subfield code="a">Anupādasūtra.</subfield>
      <subfield code="f">UBU Hs. Caland 52</subfield>
    </datafield>
    <datafield tag="246" ind1="3" ind2=" ">
      <subfield code="a">Anupadah</subfield>
    </datafield>
    <datafield tag="264" ind1=" " ind2="3">
      <subfield code="a">[Place of production not identified] :</subfield>
      <subfield code="c">[between 1900 and 1930]</subfield>
    </datafield>
    <datafield tag="300" ind1=" " ind2=" ">
      <subfield code="a">[44] leaves ;</subfield>
      <subfield code="c">22 cm</subfield>
    </datafield>
    <datafield tag="336" ind1=" " ind2=" ">
      <subfield code="a">text</subfield>
      <subfield code="b">txt</subfield>
      <subfield code="2">rdacontent</subfield>
    </datafield>
    <datafield tag="337" ind1=" " ind2=" ">
      <subfield code="a">unmediated</subfield>
      <subfield code="b">n</subfield>
      <subfield code="2">rdamedia</subfield>
    </datafield>
    <datafield tag="338" ind1=" " ind2=" ">
      <subfield code="a">volume</subfield>
      <subfield code="b">nc</subfield>
      <subfield code="2">rdacarrier</subfield>
    </datafield>
    <datafield tag="500" ind1=" " ind2=" ">
      <subfield code="a">10 Prapāṭhakas transcribed from Chambers no. 96, collated with Calcutta no 611 "Anupadaḥ"</subfield>
    </datafield>
    <datafield tag="500" ind1=" " ind2=" ">
      <subfield code="a">Handwritten transcript of the Chambers no. 96 with (up to III,12) collations (in red ink) from Calcutta no. 611, which is the basis from IV,1 onwards (Calcutta no. 612 was known to Caland, but not used after the first pages, as it is closely related to Chambers no. 96).</subfield>
    </datafield>
    <datafield tag="500" ind1=" " ind2=" ">
      <subfield code="a">Written in black ink; collations in red ink, some annotations in pencil; with roman numerals in margins.</subfield>
    </datafield>
    <datafield tag="500" ind1=" " ind2=" ">
      <subfield code="a">Written in a lined green linen notebook, rest of leaves blank.</subfield>
    </datafield>
    <datafield tag="510" ind1="4" ind2=" ">
      <subfield code="a">Descriptive catalogue of Sanskrit manuscripts in the library of the Calcutta Sanskrit college, volume 1:</subfield>
      <subfield code="c">611</subfield>
    </datafield>
    <datafield tag="510" ind1="4" ind2=" ">
      <subfield code="a">Willem Caland, Kleine Schriften. Herausgegeben von Michael Witzel. Stuttgart (1990)</subfield>
      <subfield code="c">Hs. 52</subfield>
    </datafield>
    <datafield tag="524" ind1=" " ind2=" ">
      <subfield code="a">Cite as: Universiteitsbibliotheek Utrecht  Hs. Caland 52</subfield>
    </datafield>
    <datafield tag="541" ind1=" " ind2=" ">
      <subfield code="c">Gift;</subfield>
      <subfield code="a">Jenny Elisabeth van Hettinga Tromp;</subfield>
      <subfield code="d">1935</subfield>
    </datafield>
    <datafield tag="546" ind1=" " ind2=" ">
      <subfield code="a">In Sanskrit</subfield>
      <subfield code="b">(romanized).</subfield>
    </datafield>
    <datafield tag="561" ind1=" " ind2=" ">
      <subfield code="a">Donated by Jenny Elisabeth van Hettinga Tromp.</subfield>
    </datafield>
    <datafield tag="583" ind1=" " ind2=" ">
      <subfield code="a">Parpola, A. The Anupadasūtra of Sāmaveda and Jaimini: Prolegomena to a Forthcoming Edition and Translation in: DevaDattIyam (2012).</subfield>
    </datafield>
    <datafield tag="630" ind1="0" ind2="0">
      <subfield code="a">Vedas.</subfield>
      <subfield code="p">Sāmaveda</subfield>
      <subfield code="x">Criticism, interpretation, etc.</subfield>
      <subfield code="v">Early works to 1800.</subfield>
    </datafield>
    <datafield tag="650" ind1=" " ind2="0">
      <subfield code="a">Hinduism</subfield>
      <subfield code="x">Rituals</subfield>
      <subfield code="x">Texts</subfield>
      <subfield code="v">Early works to 1800.</subfield>
    </datafield>
    <datafield tag="650" ind1=" " ind2="0">
      <subfield code="a">Hindu philosophy</subfield>
      <subfield code="x">Texts</subfield>
      <subfield code="v">Early works to 1800.</subfield>
    </datafield>
    <datafield tag="650" ind1=" " ind2="0">
      <subfield code="a">Vedic language</subfield>
      <subfield code="x">Metrics and rhythmics</subfield>
      <subfield code="v">Early works to 1800.</subfield>
    </datafield>
    <datafield tag="650" ind1=" " ind2="0">
      <subfield code="a">Manuscripts, Sanskrit</subfield>
      <subfield code="z">Netherlands</subfield>
      <subfield code="z">Utrecht.</subfield>
    </datafield>
    <datafield tag="650" ind1=" " ind2="6">
      <subfield code="a">Hindouisme</subfield>
      <subfield code="x">Rituel</subfield>
      <subfield code="x">Textes</subfield>
      <subfield code="v">Ouvrages avant 1800.</subfield>
    </datafield>
    <datafield tag="650" ind1=" " ind2="6">
      <subfield code="a">Védique (Langue)</subfield>
      <subfield code="x">Métrique et rythmique</subfield>
      <subfield code="v">Ouvrages avant 1800.</subfield>
    </datafield>
    <datafield tag="700" ind1="1" ind2=" ">
      <subfield code="a">Caland, W.</subfield>
      <subfield code="q">(Willem),</subfield>
      <subfield code="d">1859-1932,</subfield>
      <subfield code="e">transcriber,</subfield>
      <subfield code="e">former owner.</subfield>
      <subfield code="4">trc</subfield>
      <subfield code="4">fmo</subfield>
      <subfield code="1">https://id.oclc.org/worldcat/entity/E39PBJyX4j7whDTTc6WCfwpkjC</subfield>
    </datafield>
    <datafield tag="710" ind1="2" ind2=" ">
      <subfield code="a">Universiteit Utrecht.</subfield>
      <subfield code="b">Bibliotheek.</subfield>
      <subfield code="k">Manuscript.</subfield>
      <subfield code="n">Hs. Caland 52.</subfield>
    </datafield>
  </record>